|
|
|
|
| LEADER |
00000cam a2200000 7i4500 |
| 001 |
0000028864 |
| 005 |
20140101.0 |
| 008 |
100114 |
| 020 |
|
|
|a 9831978320
|
| 090 |
0 |
0 |
|a 641.864
|b HEN
|
| 100 |
1 |
|
|a Hendra Utomo
|
| 245 |
1 |
0 |
|a Kuih kegemaran
|c Hendra Utomo; adaptasi Nur Syahima Mustafa
|
| 260 |
|
|
|a Kuala Lumpur :
|b Synergy Media books
|
| 440 |
|
|
|a Siri sentuhan selera metropolitan
|
| 650 |
|
0 |
|a Biscuits
|
| 650 |
|
0 |
|a Cookies
|
| 700 |
1 |
|
|a Nur Syahima Mustafa ,
|d eadaptasi
|
| 999 |
|
|
|a 0001059026
|b Book
|c Adult Collection
|e Perbadanan Perpustakaan Awam Johor
|
| 999 |
|
|
|a 0001059027
|b Book
|c Adult Collection
|e Perbadanan Perpustakaan Awam Johor
|
| 999 |
|
|
|a 0001059028
|b Book
|c Adult Collection
|e Perbadanan Perpustakaan Awam Johor
|
| 999 |
|
|
|a 0001059029
|b Book
|c Adult Collection
|e Perbadanan Perpustakaan Awam Johor
|
| 999 |
|
|
|a 0001257780
|b Book
|c Adult Collection
|e Cawangan Segamat
|